Normal view
MARC view
Entry Corporate Name
001 - CONTROL NUMBER
- control field: 5378
003 - CONTROL NUMBER IDENTIFIER
- control field: NLI
005 - DATE AND TIME OF LATEST TRANSACTION
- control field: 20210428154143.0
008 - FIXED-LENGTH DATA ELEMENTS
- fixed length control field: 210428|| aca||aabn | a|a d
040 ## - CATALOGING SOURCE
- Original cataloging agency: NLI
- Transcribing agency: NLI
110 ## - HEADING--CORPORATE NAME
- Corporate name or jurisdiction name as entry element: United States.
- Subordinate unit: Bureau of Sport Fisheries and Wildlife. Federal Aid Division
670 ## - SOURCE DATA FOUND
- Source citation: Work cat.: (NLI)3646: 880-01, Index to Federal aid publications in sport fish and wildlife restoration and selected cooperative research project reports, March 1968., 1968
